<?xml version="1.0" encoding="UTF-8"?>
<record
    xmlns:xsi="http://www.w3.org/2001/XMLSchema-instance"
    xsi:schemaLocation="http://www.loc.gov/MARC21/slim http://www.loc.gov/standards/marcxml/schema/MARC21slim.xsd"
    xmlns="http://www.loc.gov/MARC21/slim">

  <leader>00558nam a22001937a 4500</leader>
  <controlfield tag="001"> 83479</controlfield>
  <controlfield tag="003">BD-RjUL</controlfield>
  <controlfield tag="005">20240325144750.0</controlfield>
  <controlfield tag="008">240325s1979    pk ||||| |||| 00| 0 u   d</controlfield>
  <datafield tag="035" ind1=" " ind2=" ">
    <subfield code="a">(BD-RjUL) 83479</subfield>
  </datafield>
  <datafield tag="040" ind1=" " ind2=" ">
    <subfield code="a">BD-RjUL</subfield>
    <subfield code="b">eng</subfield>
    <subfield code="c">BD-RjUL</subfield>
  </datafield>
  <datafield tag="041" ind1=" " ind2=" ">
    <subfield code="a">urd</subfield>
  </datafield>
  <datafield tag="082" ind1=" " ind2=" ">
    <subfield code="2">23</subfield>
    <subfield code="a">891.439308</subfield>
    <subfield code="b">BAP 1979</subfield>
  </datafield>
  <datafield tag="245" ind1=" " ind2=" ">
    <subfield code="a">&#x67E;&#x62F;&#x645;&#x627; &#x6A9;&#x6CC; &#x645;&#x648;&#x62C;&#x6CC;&#x6BA; ;; Padma ki Mawji /</subfield>
    <subfield code="c"> by      &#x634;&#x627;&#x645; &#x628;&#x627;&#x631;&#x6A9;&#x67E;&#x648;&#x631;&#x6CC;   ;;  by Sham Barakpuri</subfield>
  </datafield>
  <datafield tag="260" ind1=" " ind2=" ">
    <subfield code="a">Lahore ; </subfield>
    <subfield code="b">Mansur Book Hause,</subfield>
    <subfield code="c">1979</subfield>
  </datafield>
  <datafield tag="300" ind1=" " ind2=" ">
    <subfield code="a">192 p. ;</subfield>
    <subfield code="c">17 cm</subfield>
  </datafield>
  <datafield tag="650" ind1=" " ind2=" ">
    <subfield code="a">Fiction</subfield>
  </datafield>
  <datafield tag="942" ind1=" " ind2=" ">
    <subfield code="2">ddc</subfield>
    <subfield code="c">BK</subfield>
  </datafield>
  <datafield tag="999" ind1=" " ind2=" ">
    <subfield code="c">83479</subfield>
    <subfield code="d">83479</subfield>
  </datafield>
  <datafield tag="952" ind1=" " ind2=" ">
    <subfield code="0">0</subfield>
    <subfield code="1">0</subfield>
    <subfield code="2">ddc</subfield>
    <subfield code="4">0</subfield>
    <subfield code="7">1</subfield>
    <subfield code="8">FIC</subfield>
    <subfield code="a">RUCL</subfield>
    <subfield code="b">RUCL</subfield>
    <subfield code="c">Reading</subfield>
    <subfield code="d">1980-01-07</subfield>
    <subfield code="e">Author</subfield>
    <subfield code="g">7.00</subfield>
    <subfield code="l">0</subfield>
    <subfield code="o">U 891.439308 BAP 1979</subfield>
    <subfield code="r">2024-03-25 00:00:00</subfield>
    <subfield code="t">C-1</subfield>
    <subfield code="w">2024-03-25</subfield>
    <subfield code="y">BK</subfield>
  </datafield>
</record>
